[Event "RUS Rapid GP Serpukhov"]
[Site "Serpukhov RUS"]
[Date "2018.02.24"]
[Round "11.7"]
[White "Timofeev, Artyom"]
[Black "Nozdrachev, Vladislav"]
[Result "1/2-1/2"]
[WhiteTitle "GM"]
[BlackTitle "IM"]
[WhiteElo "2569"]
[BlackElo "2485"]
[WhiteFideId "4140419"]
[BlackFideId "24113441"]
[EventDate "2018.02.23"]

1. c4 e6 2. Nf3 Nf6 3. g3 d5 4. Bg2 Be7 5. b3 O-O 6. Bb2 b6 7. O-O Bb7 8. d4
Nbd7 9. Nbd2 c5 10. dxc5 Nxc5 11. Ne5 Rc8 12. b4 Nce4 13. a3 Rc7 14. Nxe4 Nxe4
15. cxd5 Qxd5 16. Qb1 Rd8 17. Rd1 Qxd1+ 18. Qxd1 Rxd1+ 19. Rxd1 f6 20. Nd3 Kf7
21. Rc1 Rxc1+ 22. Bxc1 e5 23. Kf1 Ke6 24. Ke1 Nd6 25. Bh3+ Kd5 26. Kd2 g5 27.
Kc2 e4 28. Nb2 Ba6 29. Nd1 f5 30. a4 Bc4 31. Ne3+ Ke6 32. Bxf5+ Nxf5 33. Nxc4
Kd5 34. Ne3+ Nxe3+ 35. Bxe3 Kc4 36. a5 bxa5 37. bxa5 a6 38. f3 exf3 39. exf3 Kb5
40. Bd2 Kc4 41. h3 Kd4 42. Kb3 Kd3 43. Bc1 h5 44. g4 hxg4 45. fxg4 Bd8 46. Kb4
Be7+ 47. Ka4 Ke4 48. Kb3 Kf3 49. Kc4 Kg3 50. Kd5 Kxh3 51. Ke6 Bd8 52. Kf5 Kh4
53. Bd2 Be7 54. Be3 Bd8 55. Bb6 Be7 56. Bf2+ Kh3 57. Be3 Kh4 58. Bd2 Bd8 59. Bb4
Kg3 60. Bc3 Kh4 61. Bd2 Kh3 62. Bxg5 Bxa5 63. Bf4 Bd8 64. g5 Bxg5 65. Kxg5 1/2-1/2

[Event "RUS Rapid GP Serpukhov"]
[Site "Serpukhov RUS"]
[Date "2018.02.24"]
[Round "11.8"]
[White "Kholin, Aleksandr"]
[Black "Volkov, Sergey"]
[Result "0-1"]
[WhiteTitle "FM"]
[BlackTitle "GM"]
[WhiteElo "2410"]
[BlackElo "2612"]
[WhiteFideId "14179385"]
[BlackFideId "4122763"]
[EventDate "2018.02.23"]

1. e4 e6 2. d4 d5 3. Nd2 Nf6 4. Bd3 c5 5. dxc5 dxe4 6. Nxe4 Nxe4 7. Bxe4 Qxd1+
8. Kxd1 Bxc5 9. Ke2 Nd7 10. Nf3 Ke7 11. Rd1 f6 12. Nd4 g6 13. g3 a6 14. a4 Rd8
15. Nb3 Bd6 16. Be3 a5 17. h4 f5 18. Bg5+ Nf6 19. Bg2 e5 20. Rd2 Bc7 21. Rxd8
Bxd8 22. Rd1 Bc7 23. Nc5 Ra7 24. Nd7 Bxd7 25. Bxf6+ Ke6 26. Bg5 Bc6 27. Bxc6
bxc6 28. b3 Ra8 29. Rd3 Bd6 30. Rc3 Kd7 31. Rc4 Bb4 32. Be3 Kd6 33. f3 Kd5 34.
Bf2 Rb8 35. Be3 Rg8 36. Bg5 Re8 37. Be3 Re6 38. Bf2 Re7 39. Be3 Rf7 40. Bf2 Rb7
41. Be3 Rg7 42. Bh6 Rg8 43. Be3 Ra8 44. Bf2 Rb8 45. Be3 Rg8 46. Bg5 Bc5 47. Bd2
Ra8 48. Rc3 Bd4 49. Rc4 Bb6 50. Rc3 e4 51. Be3 Bxe3 52. Kxe3 Re8 53. fxe4+ fxe4
54. Ke2 c5 55. Rc4 Rf8 56. Rc3 h6 57. Re3 g5 58. hxg5 hxg5 59. g4 Rh8 60. Kd2
Kd4 61. Re2 Rh3 62. Re1 e3+ 63. Ke2 Rh2+ 0-1

[Event "RUS Rapid GP Serpukhov"]
[Site "Serpukhov RUS"]
[Date "2018.02.24"]
[Round "11.9"]
[White "Fakhrutdinov, Timur"]
[Black "Iljiushenok, Ilia"]
[Result "1-0"]
[WhiteTitle "FM"]
[BlackTitle "IM"]
[WhiteElo "2429"]
[BlackElo "2528"]
[WhiteFideId "24176702"]
[BlackFideId "24105074"]
[EventDate "2018.02.23"]

1. e4 c5 2. Nf3 e6 3. d4 cxd4 4. Nxd4 Nc6 5. Nc3 Nf6 6. Ndb5 Bb4 7. a3 Bxc3+ 8.
Nxc3 d5 9. exd5 exd5 10. Bd3 O-O 11. O-O d4 12. Ne2 Bg4 13. f3 Bh5 14. Nf4 Bg6
15. Nxg6 hxg6 16. f4 Ne7 17. Qf3 Qd7 18. Bd2 Rfe8 19. Rae1 Nf5 20. Rxe8+ Rxe8
21. Re1 Ne3 22. h3 b5 23. Kf2 Nc4 24. Rxe8+ Qxe8 25. Bc1 Nd6 26. Qe2 Nfe4+ 27.
Kg1 f5 28. b3 Qc6 29. Bb2 Qc5 30. Qe1 Kf7 31. Qb4 Qxb4 32. axb4 Nc3 33. Bxc3
dxc3 34. Kf2 Kf6 35. h4 a6 36. Ke3 Ke6 37. Kd4 Ne8 38. Be2 Kd6 39. Kxc3 Nc7 40.
Bf3 Ne6 41. g3 Nc7 42. Kd3 Ne6 43. c4 bxc4+ 44. bxc4 Nc7 45. Bb7 Ke6 46. Kd4 Kd6
47. Bd5 Ke7 48. Ke5 Ne8 49. c5 Nc7 50. Bc4 1-0

[Event "RUS Rapid GP Serpukhov"]
[Site "Serpukhov RUS"]
[Date "2018.02.24"]
[Round "11.10"]
[White "Goganov, Aleksey"]
[Black "Volovikov, Anton"]
[Result "1/2-1/2"]
[WhiteTitle "GM"]
[BlackTitle "FM"]
[WhiteElo "2564"]
[BlackElo "2271"]
[WhiteFideId "24109959"]
[BlackFideId "14120283"]
[EventDate "2018.02.23"]

1. d4 d5 2. c4 Bf5 3. cxd5 Bxb1 4. Qa4+ c6 5. dxc6 Nxc6 6. Rxb1 e5 7. Bd2 exd4
8. g3 Nf6 9. Bg2 Rc8 10. Nh3 Bc5 11. Nf4 O-O 12. Nd3 Bb6 13. O-O Re8 14. Rfe1
Ne4 15. Bf4 Qf6 16. Qb5 h6 17. Bh3 Rcd8 18. Qf5 Qe7 19. Bg2 g5 20. Bxe4 Qxe4 21.
Qxe4 Rxe4 22. Bd2 Rde8 23. Kf1 Ne5 24. Rbc1 Kg7 25. a4 Nxd3 26. exd3 Rxe1+ 27.
Bxe1 Re5 28. Rc4 g4 29. b4 Rd5 30. Bd2 Rd7 31. Bf4 Bd8 32. Kg2 a6 33. h3 h5 34.
Be5+ Bf6 35. Bxf6+ Kxf6 36. f3 Kg5 37. Rc5+ f5 38. Rc8 gxf3+ 39. Kxf3 Re7 40.
h4+ Kg6 41. Rd8 Re3+ 42. Kf4 Rxd3 43. Rd6+ Kf7 44. Rb6 Ra3 45. Kxf5 Rxg3 46.
Rxb7+ Ke8 47. Rb6 d3 48. Rxa6 Rg4 49. Rd6 Rxb4 50. Kg5 Rxa4 51. Kxh5 Ra3 52. Kg6
Ke7 53. Rd4 Ra6+ 54. Kg7 Rd6 55. Re4+ Re6 56. Rd4 Rd6 1/2-1/2

[Event "RUS Rapid GP Serpukhov"]
[Site "Serpukhov RUS"]
[Date "2018.02.24"]
[Round "11.11"]
[White "Hasangatin, Ramil"]
[Black "Smirnov, Timofey"]
[Result "1-0"]
[WhiteTitle "GM"]
[BlackTitle "FM"]
[WhiteElo "2502"]
[BlackElo "2324"]
[WhiteFideId "4122160"]
[BlackFideId "24176427"]
[EventDate "2018.02.23"]

1. e4 c5 2. Nf3 d6 3. d4 cxd4 4. Qxd4 Nc6 5. Bb5 Bd7 6. Bxc6 Bxc6 7. Nc3 Nf6 8.
Bg5 e6 9. O-O-O Be7 10. Rhe1 Qc7 11. Qd2 Rd8 12. Nd4 a6 13. f3 O-O 14. Kb1 b5
15. g4 b4 16. Nce2 Bb7 17. Ng3 Rfe8 18. Rg1 Nd7 19. Bxe7 Rxe7 20. Nh5 Ne5 21. g5
Ng6 22. Nf6+ Kh8 23. Rg3 d5 24. Rh3 Nf8 25. e5 Qxe5 26. f4 Qd6 27. Re1 Rc7 28.
Ng4 Bc8 29. Rh5 Ng6 30. Ne5 Kg8 31. Qe3 Qc5 32. Rd1 f6 33. gxf6 gxf6 34. Ng4 Rf8
35. Nh6+ Kh8 36. Qd2 e5 37. Nb3 Qc4 38. f5 Nf4 39. Rh4 Qe4 40. Re1 Qg2 41. Qxb4
Qxc2+ 42. Ka1 Rd8 43. Qb6 Qc6 44. Nf7+ Kg7 45. Qxc6 Rxc6 46. Nxd8 Rc7 47. Nd4 1-0

[Event "RUS Rapid GP Serpukhov"]
[Site "Serpukhov RUS"]
[Date "2018.02.24"]
[Round "11.12"]
[White "Girya, Olga"]
[Black "Evdokimov, Alexander A."]
[Result "1-0"]
[WhiteTitle "WGM"]
[BlackTitle "GM"]
[WhiteElo "2482"]
[BlackElo "2502"]
[WhiteFideId "4195752"]
[BlackFideId "4139275"]
[EventDate "2018.02.23"]

1. d4 Nf6 2. Nf3 e6 3. c4 b6 4. g3 Bb7 5. Bg2 Be7 6. O-O O-O 7. Nc3 Ne4 8. Bd2
f5 9. Ne5 Nxc3 10. Bxc3 Bxg2 11. Kxg2 Bf6 12. Qd3 a5 13. Qf3 d5 14. Nd3 c6 15.
cxd5 cxd5 16. b4 axb4 17. Nxb4 Ra3 18. Nc2 Ra4 19. Bb4 Re8 20. Qb3 Qd7 21. e3
Rc8 22. Ne1 Na6 23. Bd2 b5 24. Nd3 Rac4 25. Rab1 Rb8 26. Rfc1 h6 27. Nb2 Qb7 28.
Kg1 Rxc1+ 29. Rxc1 Nc7 30. Nd3 Ne8 31. Bb4 Rc8 32. Bc5 Qa6 33. Rb1 Nc7 34. a3
Kh7 35. Qb4 Ra8 36. Rc1 Ne8 37. Nf4 Bg5 38. Nd3 Bd8 39. Rb1 Nc7 40. h4 Qc6 41.
Ne5 Qa6 42. Bd6 Ne8 43. Bf8 Kg8 44. Be7 Bxe7 45. Qxe7 Kh7 46. Kg2 Nf6 47. Qf7
Ra7 48. Qg6+ Kg8 49. Rc1 Ra8 50. Rc7 Ne8 51. Re7 Qxa3 52. Rxe8+ 1-0

[Event "RUS Rapid GP Serpukhov"]
[Site "Serpukhov RUS"]
[Date "2018.02.24"]
[Round "11.13"]
[White "Novikov, Konstantin"]
[Black "Solozhenkin, Evgeniy"]
[Result "1-0"]
[BlackTitle "GM"]
[WhiteElo "2255"]
[BlackElo "2433"]
[WhiteFideId "24163554"]
[BlackFideId "4102266"]
[EventDate "2018.02.23"]

1. e4 e5 2. Nf3 Nc6 3. Bb5 a6 4. Ba4 Nf6 5. O-O Be7 6. Re1 b5 7. Bb3 d6 8. c3
O-O 9. d4 Bg4 10. Be3 exd4 11. cxd4 Na5 12. Nbd2 Nxb3 13. axb3 c5 14. dxc5 dxc5
15. Qc2 Nd7 16. h3 Be6 17. Bf4 f6 18. Nf1 Qe8 19. Ne3 Qf7 20. Nf5 Rfe8 21. Qd2
Bf8 22. Nd6 Bxd6 23. Qxd6 Bxb3 24. Rxa6 Rxa6 25. Qxa6 b4 26. Qd6 Qe6 27. Qc7 Ba4
28. Bd6 Qc4 29. e5 fxe5 30. Nxe5 Qd5 31. Kh2 Nxe5 32. Bxe5 Bd7 33. f4 Re7 34.
Qd8+ Kf7 35. Bxg7 Re6 36. Qf8+ Kg6 37. Be5 1-0

[Event "RUS Rapid GP Serpukhov"]
[Site "Serpukhov RUS"]
[Date "2018.02.24"]
[Round "11.14"]
[White "Krylov, Mikhail RUS"]
[Black "Geivondian, Arman"]
[Result "1-0"]
[WhiteTitle "GM"]
[BlackTitle "FM"]
[WhiteElo "2476"]
[BlackElo "2380"]
[WhiteFideId "4151364"]
[BlackFideId "24102032"]
[EventDate "2018.02.23"]

1. c4 e6 2. g3 Nf6 3. Bg2 d5 4. Nf3 b6 5. cxd5 Nxd5 6. d4 Be7 7. O-O O-O 8. e4
Nf6 9. Nc3 Bb7 10. e5 Nd5 11. Ne4 Nd7 12. Qe2 c5 13. Bg5 Bxg5 14. Nexg5 cxd4 15.
Qe4 g6 16. Qxd4 Nc5 17. Rfd1 h6 18. Ne4 Nxe4 19. Qxe4 Qe7 20. Nd2 Rac8 21. Qa4
Bc6 22. Qg4 Qb4 23. Qh3 Kg7 24. Nb3 Ne7 25. Rd4 Qb5 26. Re1 Nf5 27. Rf4 Bxg2 28.
Qxg2 Rc2 29. g4 Nh4 30. Qb7 g5 31. Nd4 Qc4 32. Nf5+ exf5 33. Rxc4 Rxc4 34. gxf5
Rf4 35. f6+ Kg6 36. Kf1 Rd8 37. e6 fxe6 38. Qg7+ Kf5 39. f7 Kg4 40. h3+ Kxh3 41.
Re3+ Kh2 42. Ke2 Nf5 43. Qg8 Nd4+ 44. Kf1 Nf5 45. Qxd8 Nxe3+ 46. Ke2 Rxf7 47.
Kxe3 Kg2 48. Qa8+ Kh2 49. Qe4 Rf4 50. Qxe6 Kg2 51. Qc6+ 1-0

[Event "RUS Rapid GP Serpukhov"]
[Site "Serpukhov RUS"]
[Date "2018.02.24"]
[Round "11.15"]
[White "Lavrov, Maxim1"]
[Black "Dukhov, Alexander"]
[Result "1/2-1/2"]
[WhiteTitle "IM"]
[BlackTitle "IM"]
[WhiteElo "2384"]
[BlackElo "2374"]
[WhiteFideId "4166418"]
[BlackFideId "4116810"]
[EventDate "2018.02.23"]

1. e4 c5 2. c3 Nf6 3. e5 Nd5 4. d4 cxd4 5. Nf3 e6 6. cxd4 b6 7. Bd3 d6 8. O-O
Nd7 9. exd6 Bxd6 10. Qe2 Bb7 11. Bg5 Qb8 12. Nc3 O-O 13. Rfe1 Bf4 14. Ne4 Bxg5
15. Nexg5 N7f6 16. Qe5 Nf4 17. Rad1 Nxd3 18. Rxd3 h6 19. Nh3 Nd5 20. Rdd1 Rd8
21. Qe2 Qd6 22. Ne5 Rac8 23. Qh5 Rc7 24. Qh4 Qe7 25. Qg3 Qb4 26. Nf4 Nxf4 27.
Qxf4 Qd6 28. h4 Bd5 29. b3 Qe7 30. Rc1 Rdc8 31. Rxc7 Qxc7 32. Qe3 Qc3 33. Qxc3
Rxc3 34. Re3 Rc2 35. a3 h5 36. b4 Kf8 37. f3 Ke7 38. Kh2 Rc7 39. Kg3 Kd6 40. Kf4
f6 41. Ng6 Rc4 42. Rd3 Rc2 43. g4 hxg4 44. fxg4 Re2 45. h5 Be4 46. Rh3 Bb1 47.
Rh1 Bc2 48. Kf3 Rd2 49. Rc1 Bxg6 50. hxg6 Rxd4 51. Rc8 Rd3+ 52. Ke4 Rg3 53. Kf4
Rg1 54. Rg8 e5+ 55. Kf3 e4+ 56. Kf4 e3 57. Rd8+ Ke7 58. Rd3 Rf1+ 59. Kxe3 f5 60.
gxf5 Rxf5 61. Ke4 Rg5 62. Rc3 Kd7 63. Rf3 Rxg6 64. Rf7+ 1/2-1/2

[Event "RUS Rapid GP Serpukhov"]
[Site "Serpukhov RUS"]
[Date "2018.02.24"]
[Round "11.16"]
[White "Bordovsky, Vladimir"]
[Black "Klimentov, Roman"]
[Result "0-1"]
[WhiteElo "2326"]
[BlackElo "2211"]
[WhiteFideId "14118467"]
[BlackFideId "4130286"]
[EventDate "2018.02.23"]

1. Nf3 Nf6 2. d4 g6 3. Bg5 Bg7 4. Nbd2 d5 5. e3 O-O 6. Bd3 c6 7. O-O Nbd7 8. Re1
Re8 9. e4 dxe4 10. Nxe4 Nxe4 11. Rxe4 Nf6 12. Re1 Bg4 13. Be2 Qb6 14. Be3 Nd5
15. Qc1 Nxe3 16. fxe3 Rad8 17. h3 Bxf3 18. Bxf3 e5 19. c3 exd4 20. exd4 Bf6 21.
Qf4 Kg7 22. b4 Qb5 23. Rf1 Bg5 24. Qc7 Rc8 25. Qg3 Bd2 26. Bg4 Qg5 27. Rf3 f5
28. Bxf5 gxf5 29. Qd6 Kh8 30. Rg3 Bf4 31. Rxg5 Bxd6 32. Rxf5 Re3 33. Rc1 Rce8
34. Rf6 Bg3 35. Rff1 Re1 36. c4 Rxc1 37. Rxc1 Re1+ 38. Rxe1 Bxe1 39. b5 cxb5 40.
cxb5 Kg7 41. Kf1 Bc3 42. d5 Kf6 43. Ke2 Ke5 44. Kd3 Be1 45. Kc4 b6 46. g4 Bh4
47. a3 Bg5 48. a4 Be7 49. d6 Bxd6 50. h4 Be7 51. g5 Ke4 52. Kc3 Kf4 53. Kd4 Kg4
54. Kd5 Kxh4 55. Kc6 Kxg5 56. Kb7 Bb4 57. Kxa7 Ba5 0-1

[Event "RUS Rapid GP Serpukhov"]
[Site "Serpukhov RUS"]
[Date "2018.02.24"]
[Round "11.17"]
[White "Perov, German"]
[Black "Sakun, Volodymyr"]
[Result "0-1"]
[BlackTitle "FM"]
[WhiteElo "2069"]
[BlackElo "2330"]
[WhiteFideId "44111410"]
[BlackFideId "14114062"]
[EventDate "2018.02.23"]

1. e4 c5 2. d4 cxd4 3. c3 d5 4. exd5 Qxd5 5. cxd4 Nc6 6. Nf3 e6 7. Nc3 Qd8 8.
Bd3 Nf6 9. O-O Be7 10. Bc2 O-O 11. a3 b6 12. Bg5 Bb7 13. Qd3 g6 14. Rad1 Rc8 15.
Rfe1 Na5 16. Ne5 Nd5 17. Bh6 Nxc3 18. bxc3 Qd5 19. Qf1 Rfe8 20. c4 Qd8 21. Ba4
Ba6 22. Bxe8 Qxe8 23. Qd3 Nxc4 24. Rc1 b5 25. Nxc4 bxc4 26. Qf3 Rd8 27. Rb1 Qd7
28. d5 exd5 29. Qc3 d4 30. Qa5 Bc8 31. Rxe7 Qxe7 32. Re1 Qd6 33. Bf4 Qd7 34. Qe5
Qe6 35. Qa5 Qd7 36. Qe5 f6 37. Qxf6 Rf8 38. Qh4 Qg4 39. Qxg4 Bxg4 40. Be5 Rd8
41. f3 Bf5 42. Rd1 d3 43. Kf2 Re8 44. f4 Rxe5 45. fxe5 c3 46. Ke3 d2 47. e6 c2
48. e7 Kf7 0-1

[Event "RUS Rapid GP Serpukhov"]
[Site "Serpukhov RUS"]
[Date "2018.02.24"]
[Round "11.18"]
[White "Nozdrachev, Leonid"]
[Black "Kabanova, Ekaterina"]
[Result "1-0"]
[WhiteTitle "FM"]
[BlackTitle "WFM"]
[WhiteElo "2410"]
[BlackElo "2202"]
[WhiteFideId "24113433"]
[BlackFideId "24112917"]
[EventDate "2018.02.23"]

1. d4 c5 2. e4 cxd4 3. Nf3 e5 4. c3 dxc3 5. Nxc3 d6 6. Bc4 Be6 7. Bxe6 fxe6 8.
Qb3 Qd7 9. Ng5 Nc6 10. Nxe6 Na5 11. Qd5 Nf6 12. Qxa5 Qxe6 13. Nb5 Kf7 14. Nc7
Qg4 15. Nxa8 Qxg2 16. Rf1 Qxe4+ 17. Be3 Be7 18. Nc7 d5 19. O-O-O Rc8 20. Bxa7
Bb4 21. Qb6 Qc4+ 22. Kb1 Rxc7 23. Bb8 Re7 24. Bd6 Bxd6 25. Qxd6 d4 26. f4 exf4
27. Rxf4 Rc7 28. Rff1 Qc2+ 29. Ka1 Rc4 30. a3 Qa4 31. Rde1 Qc6 32. Re7+ Kg6 33.
Rg1+ Kh6 1-0

[Event "RUS Rapid GP Serpukhov"]
[Site "Serpukhov RUS"]
[Date "2018.02.24"]
[Round "11.19"]
[White "Kretov, Evgenij"]
[Black "Zhuravlev, Stepan"]
[Result "1/2-1/2"]
[WhiteTitle "FM"]
[WhiteElo "2218"]
[BlackElo "2135"]
[WhiteFideId "4167821"]
[BlackFideId "34120197"]
[EventDate "2018.02.23"]

1. d4 d5 2. c4 e6 3. Nc3 Nf6 4. cxd5 exd5 5. Bg5 c6 6. Qc2 Be7 7. e3 Nbd7 8. Bd3
Nh5 9. Bxe7 Qxe7 10. Nf3 Nf4 11. O-O Nxd3 12. Qxd3 O-O 13. Rab1 h6 14. b4 a6 15.
a4 Nb6 16. Nd2 Qg5 17. f3 Bf5 18. e4 dxe4 19. fxe4 Bh7 20. a5 Nd5 21. Rfe1 Nxc3
22. Qxc3 Rad8 23. Rbd1 Rfe8 24. Nf3 Qe7 25. e5 Bf5 26. Nd2 Bg4 27. Rc1 Qd7 28.
Nb3 Be6 29. Rcd1 Bxb3 30. Qxb3 Qd5 31. Qc3 Re6 32. Re2 Rde8 33. Rf2 Rxe5 34. h3
Re3 35. Qd2 Qe4 36. Kh2 Qd5 37. Rdf1 R3e4 38. Rxf7 Qxf7 39. Rxf7 Kxf7 40. d5
cxd5 41. Qxd5+ R4e6 42. Qxb7+ R8e7 43. Qd5 Kg6 44. b5 axb5 45. Qxb5 Ra7 46. Qd3+
Kf7 47. Qf5+ Rf6 48. Qd5+ Kg6 49. Qe4+ 1/2-1/2

[Event "RUS Rapid GP Serpukhov"]
[Site "Serpukhov RUS"]
[Date "2018.02.24"]
[Round "11.20"]
[White "Sergienko, Sergey"]
[Black "Klimentov, Evgeny"]
[Result "1/2-1/2"]
[WhiteTitle "IM"]
[BlackTitle "FM"]
[WhiteElo "2315"]
[BlackElo "2232"]
[WhiteFideId "4115791"]
[BlackFideId "24128899"]
[EventDate "2018.02.23"]

1. Nf3 g6 2. e4 Bg7 3. d4 d6 4. Nc3 Nc6 5. Be3 a6 6. h3 b5 7. Be2 Bb7 8. O-O b4
9. Nb1 Nf6 10. Nbd2 O-O 11. c3 a5 12. Qc2 Rc8 13. a3 e6 14. axb4 axb4 15. Ba6
Rb8 16. Bxb7 Rxb7 17. Ra6 Qd7 18. Rfa1 Rfb8 19. Ra8 h6 20. Rxb8+ Rxb8 21. Ra6
bxc3 22. bxc3 Ne7 23. Qa4 Qc8 24. Ne1 Nd7 25. Nd3 Nb6 26. Qa2 Qb7 27. Nb4 Nc6
28. Nxc6 Qxc6 29. c4 Ra8 30. Rxa8+ Qxa8 31. Qxa8+ Nxa8 32. Kf1 c6 33. Ke2 Kf8
34. Kd3 d5 35. e5 Ke7 1/2-1/2

[Event "RUS Rapid GP Serpukhov"]
[Site "Serpukhov RUS"]
[Date "2018.02.24"]
[Round "11.21"]
[White "Cherenkov, Andrey"]
[Black "Gvanceladze, Anna"]
[Result "1/2-1/2"]
[WhiteTitle "FM"]
[BlackTitle "WFM"]
[WhiteElo "2177"]
[BlackElo "2302"]
[WhiteFideId "4185315"]
[BlackFideId "4113721"]
[EventDate "2018.02.23"]

1. e4 c6 2. d4 d5 3. Nc3 dxe4 4. Nxe4 Bf5 5. Ng3 Bg6 6. h4 h6 7. N1e2 Nf6 8. Nf4
Bh7 9. Bc4 e6 10. Qe2 Bd6 11. Ngh5 Nxh5 12. Nxh5 Rg8 13. g4 Nd7 14. g5 hxg5 15.
hxg5 Qe7 16. Nf4 Bf5 17. g6 O-O-O 18. gxf7 Qxf7 19. Nh3 Nb6 20. Ng5 Qf6 21. Bb3
Rge8 22. Ne4 Qxd4 23. Nxd6+ Qxd6 24. Bg5 Rd7 25. Rd1 Qb4+ 26. c3 Rxd1+ 27. Kxd1
Qa5 28. Kc1 Nd5 29. Rd1 Nf6 30. Bf4 e5 31. Bg5 e4 32. Bxf6 gxf6 33. Qh5 Qe5 34.
Bf7 Rd8 35. Rxd8+ Kxd8 36. Qh6 Kc7 37. Bc4 Bd7 38. Qe3 b6 39. a4 a5 40. Kc2 Bf5
41. b4 axb4 42. cxb4 Kb7 43. Kb3 Bg4 44. Qd2 Qa1 45. Be2 Be6+ 46. Bc4 Qb1+ 47.
Ka3 Qa1+ 48. Kb3 Qe5 49. Bxe6 Qxe6+ 50. Ka3 f5 51. a5 bxa5 52. bxa5 Qe7+ 53. Ka4
Qc7 54. Qb2+ Ka7 55. Qd4+ c5 56. Qd5 Qc8 57. Kb5 Qb7+ 58. Qxb7+ Kxb7 59. Kxc5 f4
60. Kd4 e3 61. fxe3 fxe3 62. Kxe3 Ka6 1/2-1/2

[Event "RUS Rapid GP Serpukhov"]
[Site "Serpukhov RUS"]
[Date "2018.02.24"]
[Round "11.22"]
[White "Kharchenko, Boris"]
[Black "Krylov, Aleksey"]
[Result "1-0"]
[WhiteTitle "GM"]
[WhiteElo "2464"]
[BlackElo "2281"]
[WhiteFideId "14113210"]
[BlackFideId "54199115"]
[EventDate "2018.02.23"]

1. e4 e5 2. Nf3 Nc6 3. Bb5 a6 4. Ba4 Nf6 5. O-O Bc5 6. Nxe5 Nxe5 7. d4 Bxd4 8.
Qxd4 Qe7 9. Bf4 Nc6 10. Qd3 d6 11. Nc3 O-O 12. Bb3 Be6 13. Bg5 h6 14. Bh4 Ne5
15. Qe3 Ng6 16. Bxf6 Qxf6 17. f4 Bxb3 18. axb3 c6 19. Rad1 Rfe8 20. Qf2 Rad8 21.
Rd3 Ne7 22. Rfd1 Nc8 23. g3 Qe7 24. Qd2 Qc7 25. Kg2 Rd7 26. e5 d5 27. Ne4 Rde7
28. Nf2 Qb6 29. c4 dxc4 30. bxc4 f6 31. Ne4 Rf8 32. Rd8 fxe5 33. Rxf8+ Kxf8 34.
f5 c5 35. f6 Re8 36. Qd7 gxf6 37. Rf1 Rd8 38. Qh7 Ke8 39. Nxf6+ 1-0